In Quest of Excellence (Record no. 1971)

MARC details
000 -CABECERA
campo de control de longitud fija 00812nam a2200193 a 4500
001 - NÚMERO DE CONTROL
campo de control BRCA_2218
005 - FECHA Y HORA DE LA ÚLTIMA TRANSACCIÓN
campo de control 20190320203723.0
008 - DATOS DE LONGITUD FIJA--INFORMACIÓN GENERAL
campo de control de longitud fija 831014s1984 flua---##c---#001-0#eng-#
040 ## - FUENTE DE LA CATALOGACIÓN
Centro catalogador/agencia de origen DLC
Centro/agencia transcriptor DLC
Centro/agencia modificador DLC
050 #4 - SIGNATURA TOPOGRÁFICA DE LA BIBLIOTECA DEL CONGRESO
Número de clasificación N5020
Número de documento/Ítem .V36 1984
100 1# - ENTRADA PRINCIPAL--NOMBRE DE PERSONA
Nombre de persona Van der Marck, Jan
Fechas asociadas al nombre 1929-
9 (RLIN) 6670
245 10 - MENCIÓN DE TÍTULO
Título In Quest of Excellence
Resto del título Civic Pride, Patronage, Connoisseurship
Mención de responsabilidad, etc. Jan Van der Marck with contributions by J. Carter Brown ... [et al.].
260 ## - PUBLICACIÓN, DISTRIBUCIÓN, ETC.
Lugar de publicación, distribución, etc. Miami, Florida, U.S.A.
Nombre del editor, distribuidor, etc. The Center for the Fine Arts
Fecha de publicación, distribución, etc. [1984].
300 ## - DESCRIPCIÓN FÍSICA
Extensión 256 p.
Otras características físicas il. (algunas a color)
Dimensiones 30 cm.
500 ## - NOTA GENERAL
Nota general Catálogo de la exposición realizada en el Center for the Fine Arts (Miami, Florida), 14 enero - 22 abril, 1984
650 14 - PUNTO DE ACCESO ADICIONAL DE MATERIA--TÉRMINO DE MATERIA
Término de materia o nombre geográfico como elemento de entrada Arte
Subdivisión general Coleccionismo
9 (RLIN) 6671
650 14 - PUNTO DE ACCESO ADICIONAL DE MATERIA--TÉRMINO DE MATERIA
Término de materia o nombre geográfico como elemento de entrada Museos de arte
Subdivisión general Exposiciones
Subdivisión geográfica Estados Unidos
9 (RLIN) 6672
942 ## - ELEMENTOS DE PUNTO DE ACCESO ADICIONAL (KOHA)
Fuente del sistema de clasificación o colocación Library of Congress Classification
Tipo de ítem Koha Libros
Holdings
Estado de retiro Estado de pérdida Estado dañado No para préstamo Localización permanente Ubicación/localización actual Fecha de adquisición Total de préstamos Signatura topográfica completa Código de barras Fecha visto por última vez Precio válido a partir de Tipo de ítem Koha
El ejemplar forma parte de la colección y puede ser consultado según las políticas vigentes.       Biblioteca del Museo Franz Mayer (Rogerio Casas-Alatriste) Biblioteca del Museo Franz Mayer (Rogerio Casas-Alatriste) 14/08/2008   N5020 .V36 1984 02267 22/03/2019 22/03/2019 Libros